Computer and IT Acronyms - Statistics

General Stats
  • This quiz has been taken 224 times
  • The average score is 21 of 42
Answer Stats
Hint Answer % Correct
D Disc
85%
M Memory
82%
A Access
81%
R Random
81%
I/ Input
80%
O Output
80%
A Away
75%
F From
75%
K Keyboard
75%
V Virtual
75%
M Machine
74%
M Machine
74%
C Compact
67%
L Learning
63%
V Video
61%
I Inter
60%
G Graphics
59%
for
57%
D Document
54%
F Format
53%
D Development
50%
E Environment
50%
I Integrated
50%
I Integrated
50%
P Portable
42%
A American
41%
SH Shell
37%
S Standard
37%
D Dynamic
33%
C Code
31%
I Interface
31%
A Array
30%
A Again
25%
B Bourne
25%
I Information
24%
I Interchange
19%
S Saturation
17%
V Value
17%
H Hue
16%
C Circuit
14%
S Serial
13%
P Peripheral
9%
No matching quizzes found
Score Distribution
Percent of People with Each Score
Percentile by Number Answered
Your Score History
You have not taken this quiz